Loading...
| History - American | 0 | 8 | 0 | 0 | 80 | 32 | 68.00 | 2 | 7 | 0.00 | 0.00 |
| Science - Physics | 0 | 8 | 1 | 0 | 75 | 54 | 88.50 | 2 | 6 | 0.00 | 0.00 |
| Social Science | 0 | 7 | 0 | 0 | 70 | 59 | 73.43 | 4 | 7 | 0.00 | 0.00 |
| Science - Other | 0 | 5 | 0 | 0 | 50 | 47 | 88.00 | 3 | 4 | 0.00 | 0.00 |
| Science - Biology | 0 | 5 | 1 | 1 | 45 | 53 | 79.00 | 1 | 2 | 0.00 | 0.00 |
| Religion | 0 | 4 | 0 | 1 | 40 | 100 | 110.75 | 0 | 3 | 0.00 | 0.00 |
| Science - Chemistry | 0 | 5 | 2 | 0 | 40 | 56 | 88.60 | 0 | 4 | 0.00 | 0.00 |
| History - Other | 0 | 3 | 0 | 0 | 30 | 16 | 53.67 | 2 | 2 | 0.00 | 0.00 |
| Philosophy | 0 | 4 | 2 | 0 | 30 | 50 | 65.25 | 3 | 4 | 0.00 | 0.00 |
| Other Academic | 0 | 3 | 0 | 0 | 30 | 37 | 70.00 | 1 | 2 | 0.00 | 0.00 |
| Literature - World | 0 | 2 | 0 | 0 | 20 | 78 | 84.50 | 2 | 2 | 0.00 | 0.00 |
| Geography | 0 | 2 | 0 | 0 | 20 | 81 | 101.00 | 0 | 1 | 0.00 | 0.00 |
| History - European | 0 | 2 | 0 | 1 | 20 | 75 | 77.50 | 0 | 2 | 0.00 | 0.00 |
| Literature - American | 0 | 2 | 0 | 0 | 20 | 67 | 99.50 | 1 | 1 | 0.00 | 0.00 |
| Literature - British | 0 | 2 | 0 | 0 | 20 | 76 | 85.00 | 0 | 2 | 0.00 | 0.00 |
| Fine Arts - Other | 0 | 2 | 0 | 1 | 20 | 38 | 62.00 | 2 | 2 | 0.00 | 0.00 |
| Literature - European | 0 | 2 | 1 | 0 | 15 | 79 | 108.50 | 1 | 2 | 0.00 | 0.00 |
| Pop Culture | 0 | 1 | 0 | 0 | 10 | 89 | 89.00 | 0 | 0 | 0.00 | 0.00 |
| History - World | 0 | 2 | 2 | 1 | 10 | 86 | 93.50 | 2 | 2 | 0.00 | 0.00 |
| Fine Arts - Painting and Sculpture | 0 | 1 | 1 | 0 | 5 | 72 | 72.00 | 0 | 0 | 0.00 | 0.00 |